Report highlights waste deficiency (Record no. 117339)
[ view plain ]
| 000 -LEADER | |
|---|---|
| fixed length control field | 01094cam a2200217 4500 |
| 001 - CONTROL NUMBER | |
| control field | WB4018-15 |
| 008 - FIXED-LENGTH DATA ELEMENTS--GENERAL INFORMATION | |
| fixed length control field | 040512n2004 000 0 eng u |
| 035 ## - SYSTEM CONTROL NUMBER | |
| System control number | (Sirsi) u126170 |
| 245 ## - TITLE STATEMENT | |
| Title | Report highlights waste deficiency |
| 260 ## - PUBLICATION, DISTRIBUTION, ETC. | |
| Date of publication, distribution, etc. | 2004 |
| 490 ## - SERIES STATEMENT | |
| Series statement | Planning (for the Natural and Built Environment) |
| Volume/sequential designation | (1568) 7 May 2004, 3(1) |
| 520 ## - SUMMARY, ETC. | |
| Summary, etc. | The Environmental Services Association (ESA), a trade body representing waste management operators, has published a report claiming that 3 000 new facilities are needed to recycle, recover, compost and treat the amount of waste currently sent to landfill. ESA has called on government to help deliver the facilities required to provide a sustainable future. "Land-use planning for sustainable waste management" is available to view on the ESA website, http://www.esauk.org/documents/work/reports/landus eplanning.pdf. |
| 590 ## - LOCAL NOTE (RLIN) | |
| Local note | WB |
| 590 ## - LOCAL NOTE (RLIN) | |
| Local note | WB |
| 650 ## - SUBJECT ADDED ENTRY--TOPICAL TERM | |
| Topical term or geographic name entry element | RECYCLING WASTE |
| 650 ## - SUBJECT ADDED ENTRY--TOPICAL TERM | |
| Topical term or geographic name entry element | SUSTAINABLE DEVELOPMENT |
| 650 ## - SUBJECT ADDED ENTRY--TOPICAL TERM | |
| Topical term or geographic name entry element | LANDFILL WASTE |
| 650 ## - SUBJECT ADDED ENTRY--TOPICAL TERM | |
| Topical term or geographic name entry element | WASTE HANDLING FACILITIES |
| 690 ## - LOCAL SUBJECT ADDED ENTRY--TOPICAL TERM (OCLC, RLIN) | |
| Topical term or geographic name as entry element | WASTE MANAGEMENT |
| 942 ## - ADDED ENTRY ELEMENTS (KOHA) | |
| Suppress in OPAC | 0 |
| Withdrawn status | Lost status | Source of classification or shelving scheme | Damaged status | Not for loan | Home library | Current library | Shelving location | Date acquired | Total Checkouts | Full call number | Barcode | Date last seen | Copy number | Price effective from | Koha item type |
|---|---|---|---|---|---|---|---|---|---|---|---|---|---|---|---|
| Dewey Decimal Classification | London | London | News article | 12/05/2004 | WB4018-15 | 126170-1001 | 06/08/2019 | 1 | 06/08/2019 | News article |